000 00658nam a2200253Ia 4500
003 OSt
005 20221007103613.0
006 a|||||r|||| 00| 0
007 ta
008 221006b |||||||| |||| 00| 0 eng d
020 _a8190585207
024 _a13,575
037 _cTextual
040 _aLCO
_cLCO
_beng
041 _2eng
_aeng
082 _aV1:5, P7
100 _aAvanish Kumar
_9705333
245 0 _aHuman Right To Health
260 _aNew
_bDelhi Satyam Law International India
_c2007
300 _a432
650 _aHUMAN RIGHT TO HEALTH
_9705334
942 _hV1:5, P7
_cTEXL
999 _c1183138
_d1183138